<?xml version="1.0" encoding="UTF-8"?>
<record
    xmlns:xsi="http://www.w3.org/2001/XMLSchema-instance"
    xsi:schemaLocation="http://www.loc.gov/MARC21/slim http://www.loc.gov/standards/marcxml/schema/MARC21slim.xsd"
    xmlns="http://www.loc.gov/MARC21/slim">

  <leader>00970nam a22002537a 4500</leader>
  <controlfield tag="005">20170123162309.0</controlfield>
  <datafield tag="010" ind1=" " ind2=" ">
    <subfield code="a">B-098085</subfield>
  </datafield>
  <datafield tag="020" ind1=" " ind2=" ">
    <subfield code="c">75.00</subfield>
    <subfield code="a">8188459130</subfield>
  </datafield>
  <datafield tag="035" ind1=" " ind2=" ">
    <subfield code="a">B-098085</subfield>
  </datafield>
  <datafield tag="037" ind1=" " ind2=" ">
    <subfield code="b">Cen Lib/Ret</subfield>
  </datafield>
  <datafield tag="040" ind1=" " ind2=" ">
    <subfield code="a">DPL</subfield>
    <subfield code="b">UR</subfield>
  </datafield>
  <datafield tag="082" ind1=" " ind2=" ">
    <subfield code="a">279.3</subfield>
    <subfield code="b">&#x645; &#x62D; &#x645;</subfield>
  </datafield>
  <datafield tag="100" ind1=" " ind2=" ">
    <subfield code="a">&#x645;&#x648;&#x62D;&#x645;&#x62F; &#x639;&#x628;&#x62F;&#x644; &#x644;&#x637;&#x6CC;&#x641;  </subfield>
    <subfield code="9">376</subfield>
  </datafield>
  <datafield tag="245" ind1=" " ind2=" ">
    <subfield code="a">&#x62C;&#x632;&#x628;&#x650; &#x6A9;&#x627;&#x645;&#x6CC;&#x644; :</subfield>
    <subfield code="c">&#x645;&#x648;&#x62D;&#x645;&#x62F; &#x639;&#x628;&#x62F;&#x644; &#x644;&#x637;&#x6CC;&#x641; </subfield>
    <subfield code="b">&#x62D;&#x636;&#x631;&#x62A; &#x62E;&#x648;&#x627;&#x62C;&#x6C1; &#x645;&#x62D;&#x628;&#x648;&#x628; &#x627;&#x644;&#x6C1;&#x6CC; &#x627;&#x648;&#x631; &#x62D;&#x636;&#x631;&#x62A; &#x622;&#x645;&#x631; &#x62E;&#x633;&#x631;&#x648; /</subfield>
  </datafield>
  <datafield tag="246" ind1=" " ind2=" ">
    <subfield code="a">Jazbe kamil : hazrat Mehboob Elahi and Hazrat Amir Khusroo</subfield>
    <subfield code="b">by Mujeeb Ahmad Khan</subfield>
  </datafield>
  <datafield tag="260" ind1=" " ind2=" ">
    <subfield code="a">&#x62F;&#x6C1;&#x644;&#x6CC;</subfield>
    <subfield code="b">&#x628;&#x633;&#x645;&#x6C1; &#x6A9;&#x62A;&#x627;&#x646; &#x6AF;&#x6BE;&#x631; </subfield>
    <subfield code="c">2004</subfield>
  </datafield>
  <datafield tag="270" ind1=" " ind2=" ">
    <subfield code="a">&#x661;&#x669;&#x665;&#x665;&#x60C; &#x6AF;&#x644;&#x6CC; &#x646;&#x648;&#x627;&#x628; &#x645;&#x631;&#x632;&#x627; &#x645;&#x648;&#x6C1;&#x644;&#x644;&#x6C1; &#x642;&#x628;&#x631;&#x633;&#x62A;&#x627;&#x646; &#x62A;&#x631;&#x6A9;&#x645;&#x627;&#x646; &#x6AF;&#x6CC;&#x679; </subfield>
    <subfield code="b">&#x62F;&#x6C1;&#x644;&#x6CC;</subfield>
    <subfield code="e">110006</subfield>
  </datafield>
  <datafield tag="300" ind1=" " ind2=" ">
    <subfield code="a">84p.</subfield>
    <subfield code="c">21cm(Hb)</subfield>
  </datafield>
  <datafield tag="650" ind1=" " ind2=" ">
    <subfield code="a"> &#x627;&#x633;&#x644;&#x627;&#x645;&#x6A9; &#x627;&#x633;&#x679;&#x688;&#x6CC;&#x632;</subfield>
    <subfield code="9">1541</subfield>
  </datafield>
  <datafield tag="650" ind1=" " ind2=" ">
    <subfield code="a">&#x627;&#x633;&#x644;&#x627;&#x645; </subfield>
    <subfield code="9">111439</subfield>
  </datafield>
  <datafield tag="650" ind1=" " ind2=" ">
    <subfield code="a">Islamic studies </subfield>
    <subfield code="9">11366</subfield>
  </datafield>
  <datafield tag="650" ind1=" " ind2=" ">
    <subfield code="a">Islam</subfield>
    <subfield code="9">5289</subfield>
  </datafield>
  <datafield tag="942" ind1=" " ind2=" ">
    <subfield code="2">ddc</subfield>
    <subfield code="c">UR</subfield>
    <subfield code="h">279.3</subfield>
    <subfield code="m">&#x645; &#x62D; &#x645;</subfield>
  </datafield>
  <datafield tag="999" ind1=" " ind2=" ">
    <subfield code="c">106411</subfield>
    <subfield code="d">106411</subfield>
  </datafield>
  <datafield tag="952" ind1=" " ind2=" ">
    <subfield code="0">0</subfield>
    <subfield code="1">0</subfield>
    <subfield code="4">0</subfield>
    <subfield code="7">0</subfield>
    <subfield code="a">L</subfield>
    <subfield code="b">L</subfield>
    <subfield code="d">2015-12-21</subfield>
    <subfield code="e">Cen Lib/Ret</subfield>
    <subfield code="g">75.00</subfield>
    <subfield code="l">0</subfield>
    <subfield code="o">279.3 &#x645; &#x62D; &#x645;</subfield>
    <subfield code="p">B-098085</subfield>
    <subfield code="r">2015-12-21 00:00:00</subfield>
    <subfield code="t">1</subfield>
    <subfield code="v">75.00</subfield>
    <subfield code="w">2015-12-21</subfield>
    <subfield code="y">UR</subfield>
  </datafield>
</record>
